000
00278nam a22001337a 4500
020
_a
978-8190906517
041
_a
ENG
100
_a
Gray.H .E
245
_a
Farm Service Building
260
_a
Delhi
_b
AVI
_c
1955
300
_a
458
650
_a
APE ( 02 )
856
_u
APE ( 02 )
999
_c
2869
_d
2869